Perishing poles / (Record no. 2695)

MARC details
000 -LEADER
fixed length control field 00908cam a22002537a 4500
005 - DATE AND TIME OF LATEST TRANSACTION
control field 20240111152143.0
020 ## - INTERNATIONAL STANDARD BOOK NUMBER
International Standard Book Number 9781407109879
040 ## - CATALOGING SOURCE
Original cataloging agency MNW
Transcribing agency MNW
Modifying agency DLC
Language of cataloging eng
050 00 - LIBRARY OF CONGRESS CALL NUMBER
Classification number G590.G36
Item number 2002
082 00 - DEWEY DECIMAL CLASSIFICATION NUMBER
Classification number 919.8
100 1# - MAIN ENTRY--PERSONAL NAME
Personal name Ganeri, Anita
Dates associated with a name 1961-
245 10 - TITLE STATEMENT
Title Perishing poles /
Statement of responsibility, etc. Anita Ganeri ; illustrated by Mike Phillips.
250 ## - EDITION STATEMENT
Edition statement This edition published by Scholastic Ltd, 2009
260 ## - PUBLICATION, DISTRIBUTION, ETC.
Place of publication, distribution, etc. New York :
Name of publisher, distributor, etc. Scholastic,
Date of publication, distribution, etc. 2002
300 ## - PHYSICAL DESCRIPTION
Extent 128 pages :
Other physical details illustrations ;
Dimensions 21 cm .
490 ## - SERIES STATEMENT
Series statement Horrible Geography
505 ## - FORMATTED CONTENTS NOTE
Formatted contents note T <br/>
520 ## - SUMMARY, ETC.
Summary, etc. Wave goodbye to boring geography lessons as you venture into the chilly world of Perishing Poles, with huge icebergs, hungry polar bears and frostbite to challenge intrepid explorers
521 ## - TARGET AUDIENCE NOTE
Target audience note 800 <br/>
Source Lexile <br/>
521 ## - TARGET AUDIENCE NOTE
Target audience note T <br/>
Source Raz-Plus <br/>
906 ## - LOCAL DATA ELEMENT F, LDF (RLIN)
a 7
b cbc
c copycat
d 2
e ncip
f 20
g y-gencatlg
942 ## - ADDED ENTRY ELEMENTS (KOHA)
Source of classification or shelving scheme Dewey Decimal Classification
Koha item type Books
Suppress in OPAC No
999 ## -
-- 2695
-- 2695
Holdings
Withdrawn status Lost status Source of classification or shelving scheme Damaged status Not for loan Collection Home library Current library Shelving location Date acquired Total Checkouts Full call number Barcode Date last seen Copy number Price effective from Koha item type
    Dewey Decimal Classification     Non-Fiction Footprints International School Library Network Toul Kork Campus Footprints International School Library Network Toul Kork Campus TTP Secondary Non-Fiction Bookshelves 01/10/2024   GAN 919.8 G590.G36 2024-0009 01/10/2024 1 01/10/2024 Books
    Dewey Decimal Classification     Non-Fiction Footprints International School Library Network Toul Kork Campus Footprints International School Library Network Toul Kork Campus TTP Secondary Non-Fiction Bookshelves 01/10/2024   GAN 919.8 G590.G36 FISSE00061 11/08/2024 2 01/10/2024 Books
    Dewey Decimal Classification     Non-Fiction Footprints International School Library Network Toul Kork Campus Footprints International School Library Network Toul Kork Campus TTP Secondary Non-Fiction Bookshelves 01/10/2024   GAN 919.8 G590.G36 2024-2311 11/08/2024 3 01/10/2024 Books